Insegnamenti di Giovanni Paolo II

Saved in:
Bibliographic Details
Format: Book
Language:Italian
Published: Ciudad del Vaticano Editrice Vaticana 1979
Subjects:
Tags: Add Tag
No Tags, Be the first to tag this record!

MARC

LEADER 00000nam a2200000 a 4500
001 UCX1746
003 CL-VaPUC
008 901029e19790000VC |||||||||||||||||ita|d
082 0 4 |a 262.91  |b INS  |2 21 
245 1 0 |a Insegnamenti di Giovanni Paolo II 
300 |a v 
942 |c BK 
945 |d 19901029 00:00:00  |a aalvarez 
260 |a Ciudad del Vaticano  |b Editrice Vaticana  |c 1979 
500 |a v.1: Año 1978 
500 |a v.2: Año 1979 
500 |a v.2 t.2: 1979 
500 |a v.3 t.1: Año 1980 
500 |a v.4 t.1: Año 1981 
500 |a v.4 t.2: Año 1981 
500 |a v.5 t.1: Año 1982 
500 |a v.5 t.2: Año 1982 
500 |a v.5 t.3: Año 1982 
500 |a v.6 t.2: Año 1983 
500 |a v.7 t.1: Año 1984 
500 |a v.7 t.2: Año 1984 
500 |a v.8 t.1: Año 1985 
500 |a v.9 t.1: Año 1986 
500 |a v.10 t.1: Año: 1987 
500 |a v.10 t.2: Año 1987 
500 |a v.10 t.3: Año 1987 
600 0 |a Juan Pablo II  |9 309920 
650 0 |a Documentos pontificios   |9 255642 
650 0 |a Encíclicas  |9 255643 
583 |a last modification  |c 19901029 00:00:00  |k Rodrigo Vera 
999 |c 222913  |d 222911 
952 |0 0  |1 0  |4 0  |6 262_910000000000000_INS_1979  |7 0  |8 A  |9 218210  |a BIBTEO  |b BIBTEO  |d 2019-11-15  |h v.1  |i 2870495  |o 262.91 INS 1979  |p 2870495  |r 2025-01-17  |w 2019-11-15  |y BK  |k ICR 
952 |0 0  |1 0  |4 0  |6 262_910000000000000_INS_1979  |7 0  |8 A  |9 218211  |a BIBTEO  |b BIBTEO  |d 2019-11-15  |h v.2  |i 2870509  |o 262.91 INS 1979  |p 2870509  |r 2025-01-17  |w 2019-11-15  |y BK  |k ICR 
952 |0 0  |1 0  |4 0  |6 262_910000000000000_INS_1979  |7 0  |8 A  |9 218212  |a BIBTEO  |b BIBTEO  |d 2019-11-15  |h v.2 t.2  |i 2870517  |o 262.91 INS 1979  |p 2870517  |r 2025-01-17  |w 2019-11-15  |y BK  |k ICR 
952 |0 0  |1 0  |4 0  |6 262_910000000000000_INS_1979  |7 0  |8 A  |9 218213  |a BIBTEO  |b BIBTEO  |d 2019-11-15  |h v.3 t.1  |i 2870525  |o 262.91 INS 1979  |p 2870525  |r 2025-01-17  |w 2019-11-15  |y BK  |k ICR 
952 |0 0  |1 0  |4 0  |6 262_910000000000000_INS_1979  |7 0  |8 A  |9 218214  |a BIBTEO  |b BIBTEO  |d 2019-11-15  |h v.3 t.2  |i 2870533  |o 262.91 INS 1979  |p 2870533  |r 2025-01-17  |w 2019-11-15  |y BK  |k ICR 
952 |0 0  |1 0  |4 0  |6 262_910000000000000_INS_1979  |7 0  |8 A  |9 218215  |a BIBTEO  |b BIBTEO  |d 2019-11-15  |h v.4 t.1  |i 2870541  |o 262.91 INS 1979  |p 2870541  |r 2025-01-17  |w 2019-11-15  |y BK  |k ICR 
952 |0 0  |1 0  |4 0  |6 262_910000000000000_INS_1979  |7 0  |8 A  |9 218216  |a BIBTEO  |b BIBTEO  |d 2019-11-15  |h v.4 t.2  |i 287055K  |o 262.91 INS 1979  |p 287055K  |r 2025-01-17  |w 2019-11-15  |y BK  |k ICR 
952 |0 0  |1 0  |4 0  |6 262_910000000000000_INS_1979  |7 0  |8 A  |9 218217  |a BIBTEO  |b BIBTEO  |d 2019-11-15  |h v.5 t.1  |i 2870568  |o 262.91 INS 1979  |p 2870568  |r 2025-01-17  |w 2019-11-15  |y BK  |k ICR 
952 |0 0  |1 0  |4 0  |6 262_910000000000000_INS_1979  |7 0  |8 A  |9 218218  |a BIBTEO  |b BIBTEO  |d 2019-11-15  |h v.5 t.2  |i 2870576  |o 262.91 INS 1979  |p 2870576  |r 2025-01-17  |w 2019-11-15  |y BK  |k ICR 
952 |0 0  |1 0  |4 0  |6 262_910000000000000_INS_1979  |7 0  |8 A  |9 218219  |a BIBTEO  |b BIBTEO  |d 2019-11-15  |h v.5 t.3  |i 2870584  |o 262.91 INS 1979  |p 2870584  |r 2025-01-17  |w 2019-11-15  |y BK  |k ICR 
952 |0 0  |1 0  |4 0  |6 262_910000000000000_INS_1979  |7 0  |8 A  |9 218220  |a BIBTEO  |b BIBTEO  |d 2019-11-15  |h v.6 t.2  |i 2870592  |o 262.91 INS 1979  |p 2870592  |r 2025-01-17  |w 2019-11-15  |y BK  |k ICR 
952 |0 0  |1 0  |4 0  |6 262_910000000000000_INS_1979  |7 0  |8 A  |9 218221  |a BIBTEO  |b BIBTEO  |d 2019-11-15  |h v.7 t.1  |i 2870606  |o 262.91 INS 1979  |p 2870606  |r 2025-01-17  |w 2019-11-15  |y BK  |k ICR 
952 |0 0  |1 0  |4 0  |6 262_910000000000000_INS_1979  |7 0  |8 A  |9 218222  |a BIBTEO  |b BIBTEO  |d 2019-11-15  |h v.7 t.2  |i 2870614  |o 262.91 INS 1979  |p 2870614  |r 2025-01-17  |w 2019-11-15  |y BK  |k ICR